| 000 | 00360nam a2200133Ia 4500 | ||
|---|---|---|---|
| 008 | 250506s9999 xx 000 0 und d | ||
| 024 | _a08B-006-BS | ||
| 082 | _a004.1072 FAI | ||
| 100 | _aFaizan Bin Fakhar | ||
| 245 | 0 | _aCentral Scheduling System | |
| 260 |
_aKarachi: _bUIT, _c2008 |
||
| 600 | _aComputer Science | ||
| 650 | _aBachelor of Computer Science (BS) | ||
| 999 |
_c27601 _d27601 |
||